<?xml version="1.0" encoding="UTF-8"?>
<collection xmlns="http://www.loc.gov/MARC21/slim">
 <record>
  <leader>01535nam  2200337#c 4500</leader>
  <controlfield tag="001">UMA-15925</controlfield>
  <controlfield tag="003">UMA</controlfield>
  <controlfield tag="005">20230415    193848</controlfield>
  <controlfield tag="008">150204suuuu####es###########||||#0#spa#d</controlfield>
  <datafield tag="336" ind1=" " ind2=" ">
   <subfield code="a">texto</subfield>
  </datafield>
  <datafield tag="337" ind1=" " ind2=" ">
   <subfield code="a">no mediado</subfield>
  </datafield>
  <datafield tag="338" ind1=" " ind2=" ">
   <subfield code="a">volumen</subfield>
  </datafield>
  <datafield tag="901" ind1=" " ind2=" ">
   <subfield code="a">DVD2411</subfield>
  </datafield>
  <datafield tag="080" ind1=" " ind2=" ">
   <subfield code="a">791.43</subfield>
  </datafield>
  <datafield tag="092" ind1=" " ind2=" ">
   <subfield code="a">SEDE CENTRAL DVD2411</subfield>
  </datafield>
  <datafield tag="245" ind1=" " ind2=" ">
   <subfield code="a">Los abrazos rotos</subfield>
   <subfield code="b">(2009)</subfield>
  </datafield>
  <datafield tag="100" ind1=" " ind2=" ">
   <subfield code="a">Almodóvar</subfield>
   <subfield code="b">Pedro</subfield>
  </datafield>
  <datafield tag="650" ind1=" " ind2=" ">
   <subfield code="a">Películas</subfield>
  </datafield>
  <datafield tag="650" ind1=" " ind2=" ">
   <subfield code="a">Cinematografía</subfield>
  </datafield>
  <datafield tag="650" ind1=" " ind2=" ">
   <subfield code="a">Films</subfield>
  </datafield>
  <datafield tag="650" ind1=" " ind2=" ">
   <subfield code="a">Materiales audiovisuales</subfield>
  </datafield>
  <datafield tag="650" ind1=" " ind2=" ">
   <subfield code="a">DVD</subfield>
  </datafield>
  <datafield tag="650" ind1=" " ind2=" ">
   <subfield code="a">Cine</subfield>
  </datafield>
  <datafield tag="650" ind1=" " ind2=" ">
   <subfield code="a">Filmoteca</subfield>
  </datafield>
  <datafield tag="650" ind1=" " ind2=" ">
   <subfield code="a">Realización audiovisual 1</subfield>
  </datafield>
  <datafield tag="650" ind1=" " ind2=" ">
   <subfield code="a">Biblioteca Central</subfield>
  </datafield>
  <datafield tag="041" ind1=" " ind2=" ">
   <subfield code="a">eng</subfield>
  </datafield>
  <datafield tag="044" ind1=" " ind2=" ">
   <subfield code="a">es#</subfield>
  </datafield>
  <datafield tag="500" ind1=" " ind2=" ">
   <subfield code="a">Argumento: Un hombre escribe, vive y ama en la oscuridad. Catorce años antes sufrió junto a Lena, la mujer de su vida, un brutal accidente de coche en la isla de Lanzarote. Este hombre usa dos nombres, Harry Caine (seudónimo bajo el que firma sus trabajos literarios, relatos y guiones) y Mateo Blanco (su nombre real, con el que vive y a las películas que dirige). En la actualidad, Harry Caine vive gracias a los guiones que escribe y a la ayuda de su antigua y fiel directora de producción, Judit García, y de iego, el hijo de esta, secretario, mecanógrafo y lazarillo. La historia de Mateo, Lena, Judit y Ernesto Martel es una historia de amour fou, dominada por la fatalidad, los celos, el abuso de poder, la traición y el complejo de culpa.</subfield>
  </datafield>
  <datafield tag="300" ind1=" " ind2=" ">
   <subfield code="a">DVD (Película)</subfield>
  </datafield>
  <datafield tag="260" ind1=" " ind2=" ">
   <subfield code="a">España</subfield>
   <subfield code="b">El Deseo S.A</subfield>
   <subfield code="c">2009</subfield>
  </datafield>
 </record>
</collection>
